[Event "Biel ATO 57th"]
[White "Conrad, Vincent"]
[Black "Haas, Anthony"]
[Site "Biel"]
[Round "3"]
[Result "1/2-1/2"]
[Date "2024.07.18"]
[WhiteElo "1931"]
[BlackElo "1824"]
[PlyCount "44"]
[EventDate "2024.07.16"]
[EventType "swiss"]
[EventRounds "9"]
[EventCountry "SUI"]
[SourceTitle "EXT 2025"]
[Source "ChessBase"]
[SourceDate "2024.10.14"]
[SourceVersion "1"]
[SourceVersionDate "2024.10.14"]
[SourceQuality "1"]

1. Nf3 d5 2. d4 e6 3. c4 Nf6 4. g3 Be7 5. Bg2 0-0 6. Qc2 b6 7. 0-0 Bb7 8. Ne5 Nbd7 9. Nc3 c5 10. Nxd7 Qxd7 11. dxc5 bxc5 12. Rd1 Rfd8 13. cxd5 exd5 14. Bg5 Qe6 15. Nb5 Rd7 16. Rac1 a6 17. Nc3 Rad8 18. e3 h6 19. Bxf6 Qxf6 20. Na4 Rc7 21. Qe2 Qe6 22. Qc2 Rdc8 1/2-1/2

[Event "Lausanne op"]
[White "Conrad, Vincent"]
[Black "Malakhatko, Vadim"]
[Site "Lausanne"]
[Round "1"]
[Result "0-1"]
[Date "2006.09.15"]
[WhiteElo "1864"]
[BlackElo "2594"]
[PlyCount "80"]
[EventDate "2006.09.15"]
[EventType "swiss"]
[EventRounds "7"]
[EventCountry "SUI"]
[SourceTitle "CBM 114 Extra"]
[Source "ChessBase"]
[SourceDate "2006.11.03"]
[SourceVersion "1"]
[SourceVersionDate "2006.11.03"]
[SourceQuality "1"]

1. Nf3 d5 2. d4 Nf6 3. c4 e6 4. Qc2 c5 5. cxd5 Nxd5 6. e3 cxd4 7. exd4 Nc6 8. Nc3 Be7 9. Bb5 Ndb4 10. Qd1 a6 11. Bxc6+ Nxc6 12. 0-0 0-0 13. Bf4 b5 14. Rc1 Bb7 15. Qd2 Rc8 16. Rfd1 Nb4 17. Qe2 Nd5 18. Nxd5 Qxd5 19. a3 a5 20. Bc7 b4 21. axb4 axb4 22. Bb6 Rxc1 23. Rxc1 b3 24. Qe5 Bd6 25. Qxd5 Bxd5 26. Bc5 Bf4 27. Ra1 Ra8 28. Rxa8+ Bxa8 29. Ne5 f6 30. Nd3 Bc7 31. g3 Be4 32. Nc1 Bd5 33. Kf1 Bc4+ 34. Kg2 Ba5 35. Kf3 Bd2 36. Ne2 Bd5+ 37. Kg4 h5+ 38. Kh3 g5 39. f4 Bc4 40. fxg5 fxg5 0-1